000 00300nam a22001457a 4500
008 210511b ||||| |||| 00| 0 eng d
020 _a9780345425287
041 _aeng
080 _a82
082 _a82
100 _a21
101 _aGJL
245 _aNews is a Verb
_cHamill,P
942 _2udc
_cBK
999 _c57220
_d57220